Finančné hospodárenie JRD
Gespeichert in:
| 1. Verfasser: | |
|---|---|
| Format: | Buch |
| Sprache: | Slowakisch |
| Veröffentlicht: |
Bratislava
SVPL
1963
|
| Schriftenreihe: | Poľnohospodárska ekonomika
zv. 85 |
| Tags: |
Keine Tags, Fügen Sie das erste Tag hinzu!
|
MARC
| LEADER | 00000nam a2200000 4500 | ||
|---|---|---|---|
| 001 | c123246 | ||
| 005 | 20230116103313.4 | ||
| 041 | 0 | |a slo | |
| 044 | |a SK | ||
| 245 | 1 | 0 | |a Finančné hospodárenie JRD |c Karol Vlachynský |
| 264 | 1 | |a Bratislava |b SVPL |c 1963 | |
| 300 | |a 166 s. | ||
| 490 | 1 | |a Poľnohospodárska ekonomika |v zv. 85 | |
| 830 | 0 | |a Poľnohospodárska ekonomika |v zv. 85 | |
| 100 | 1 | |a Vlachynský, Karol | |